000 00566nam a2200217Ia 4500
999 _c35593
_d35593
001 1456
003 GE_BSU
005 20221115102632.0
008 181216s2003||||enk|||||||||||||| ||eng||
020 _a9780333924402x
040 _cGE_BSU
080 _a811.111 K-26
100 _aKay, Sue
_97676
245 _aInside Out. Students Book :
_bElementary /
_cKay Sue,. Jones Vaughan.
264 _aOxford.
_c2003.
300 _a127 p.
653 _aStudents Book.
653 _aElementary
700 _aVaughan, Jones
_eავტორი
_97677
942 _cBK
_2udc